| 000 | 00635nam a2200205 i 4500 | ||
|---|---|---|---|
| 001 | 47784 | ||
| 003 | ES-MaACL | ||
| 005 | 20240522063035.0 | ||
| 007 | t| | ||
| 008 | 030527s1952 sp ||||1| spa d | ||
| 100 | 0 |
_aBenoit, Pierre, _d1886-1962 _927757 |
|
| 245 | 1 | 3 |
_aLa señorita de La Ferté _b: (novela) / _cPierre Benoit ; [versión del castellano de Jerónimo Campo]. |
| 260 |
_aBarcelona : _bMateu, _c[1952?] |
||
| 300 |
_a234 p. ; _c22 cm. |
||
| 490 | 1 | _aLa hoja perenne | |
| 700 | 1 |
_aCampo, Jerónimo. _934195 |
|
| 830 | 0 |
_aLa hoja perenne _9181731 |
|
| 852 |
_aES-MaACL _jD-8496 |
||
| 999 |
_c47784 _d47784 |
||